000
00387nam a22001457a 4500
020
_a
978746162164
082
_a
951.0099
100
_a
liang Boshu
245
_a
Foreign experts in China/
_c
Boshu, liang
260
_a
China
_b
Huang Shan publishing house
300
_a
166 p.
_c
24 cm.
942
_2
ddc
_c
BK
999
_c
586570
_d
586570